ROSALIÁ - Toutes les chansons - Statistiques

Statistiques générales
  • Ce quiz a été pris 22 fois
    5 depuis la dernière actualisation
  • Le résultat moyen est 23 sur 89
Statistiques - réponses
Hint Réponse % Correct
Motomami 3 La Fama (feat. The Weeknd)
100%
El mal querer 1 Malamente (Cap.I: Augurio)
100%
Motomami 9 Motomami
100%
Motomami 1 Saoko
100%
LUX 6 Berghain (feat. Björk et Yves Tumor)
67%
RR 1 BESO (feat. Rauw Alejandro)
67%
Motomami 2 Candy
67%
Motomami 19 Candy (Remix) (feat. Chencho Corleone)
67%
Singles 2019 Con Altura (feat. J Balvin et El Guincho)
67%
Motomami 11 Delirio de Grandeza
67%
LUX 9 De Madrugá
67%
Motomami 10 Diablo
67%
Motomami 6 Hentai
67%
LUX 14 Jeanne
67%
Motomami 15 La Combi Versace (feat. Tokischa)
67%
LUX 7 La Perla (feat. Yahritza y su Esencia)
67%
RR 3 PROMESA (feat. Rauw Alejandro)
67%
RR 2 VAMPIRO (feat. Rauw Alejandro)
67%
Motomami 14 Abcdefg
33%
Singles 2019 A Palé
33%
El mal querer 7 Bagdad (Cap.VII: Liturgia)
33%
Motomami 7 Bizcochito
33%
Singles 2022 BIZCOCHITO (LEORD Y HARACA KIKO REMIX) (feat. Haraca Kiko)
33%
Motomami 4 Bulerías
33%
Motomami 24 Chiri
33%
El mal querer 4 De aquí no sales (Cap.IV: Disputa)
33%
LUX 10 Dios Es Un Stalker
33%
LUX 3 Divinize
33%
Collaborations 2022 El Pañuelo de Romeo Santos
33%
LUX 12 Focu 'Ranni
33%
Motomami 22 La Kilié
33%
Motomami 23 LAX
33%
LUX 11 La Yugular
33%
Collaborations 2021 Linda de Tokischa
33%
Collaborations 2021 Lo Vas a Olvidar de Billie Eilish pour Euphoria
33%
LUX 18 Magnolias
33%
LUX 17 Memória (feat. Carminho)
33%
El mal querer 9 Nana (Cap.IX: Concepción)
33%
LUX 15 Novia Robot
33%
El mal querer 3 Pienso en tu mirá (Cap.III: Celos)
33%
LUX 4 Porcelana
33%
El mal querer 6 Preso (Cap.VI: Clausura)
33%
LUX 2 Reliquia
33%
Motomami 16 Sakura
33%
LUX 13 Sauvignon Blanc
33%
LUX 1 Sexo, Violencia y Llantas
33%
Motomami 18 Thank Yu :)
33%
Motomami 21 Aislamiento
0%
El mal querer 11 A ningún hombre (Cap.XI: Poder)
0%
Singles 2017 Aunque Es De Noche
0%
Singles 2019 Aute Cuture
0%
Collaborations 2020 Blinding Lights Remix de The Weeknd
0%
Los Angeles 4 Catalina
0%
Motomami 5 Chicken Teriyaki
0%
Motomami 13 Como un G
0%
Motomami 17 Como un G
0%
Motomami 12 Cuuuuuuuuuute
0%
Singles 2020 Delorme
0%
Los Angeles 2 De plata
0%
Singles 2022 DESPECHÁ
0%
Los Angeles 5 Día 14 de abril
0%
El mal querer 8 Di mi nombre (Cap.VIII: Éxtasis)
0%
Singles 2019 Dio$ No$ Libre Del Dinero
0%
Los Angeles 11 El redentor
0%
Motomami 8 G3 N15
0%
Los Angeles 12 I See a Darkness
0%
Singles 2020 Juro Que
0%
Motomami 20 La Fama (Live)
0%
LUX 16 La Rumba del Perdón (feat. Estrella Morente et Sílvia Pérez Cruz)
0%
Singles 2023 LLYLM
0%
El mal querer 10 Maldición (Cap.X: Cordura)
0%
Singles 2019 Milionaria
0%
LUX 5 Mio Cristo Piange Diamante
0%
LUX 8 Mundo Nuevo
0%
Collaborations 2024 NEW WOMAN de LISA
0%
Los Angeles 3 Nos quedamos solitos
0%
Singles 2024 Omega (feat. Raphie Coco)
0%
Collaborations 2023 Oral de Bjork
0%
Los Angeles 7 Por mi puerta no lo pasen
0%
Los Angeles 9 Por mi puerta no lo pasen
0%
Los Angeles 10 Por mi puerta no lo pasen
0%
El mal querer 2 Que no salga la luna (Cap.II: Boda)
0%
Los Angeles 6 Que se muere, que se muere
0%
El mal querer 5 Reniego (Cap.V: Lamento)
0%
Los Angeles 1 Si tú supieras compañero
0%
Los Angeles 8 Te venero
0%
Singles 2020 TKN (feat. Travis Scott)
0%
Singles 2023 TUYA
0%
Singles 2019 Yo X Ti, Tu X Mi
0%
Aucun quiz correspondant
Distribution des résultats
% des personnes avec chaque résultat
Percentile par nombre de réponses
Votre historique - résultats
Vous n’avez pas pris ce quiz depuis la dernière actualisation